000 00426nam a2200157 i 4500
001 49408
003 ES-MaACL
005 20230906161940.0
007 t|
008 030715s1957 sp ||||1| spa d
100 1 _aCorvalán, Stella.
_940963
245 1 3 _aLa luna rota /
_cStella Corvalán.
260 _aMadrid :
_b[s.n.],
_c1957 (
_fMinerva)
300 _a209 p., 23 lám. ;
_c21 cm.
852 _aES-MaACL
_jC-11837
_bR.39967
999 _c49408
_d49408